000 002930000a22000970004500
100 1 _aEgner, Inge (1946- )
245 1 0 _aLa cortesía en el lenguaje : El caso de los interrogativos
300 _aVol. 9, Num. 1 (I Semestre, 1999), Páginas 3-5
773 0 _tTraducción de la Biblia
942 _cANA
999 _c52707
_d52707